Development and validation of keyboarding skills test for Bachelor of Science in Office Administration students in the University of Rizal System Binangonan (Record no. 89179)

MARC details
000 -LEADER
fixed length control field 01056nam a2200229 4500
003 - CONTROL NUMBER IDENTIFIER
control field urs
005 - DATE AND TIME OF LATEST TRANSACTION
control field 20260202110453.0
008 - FIXED-LENGTH DATA ELEMENTS--GENERAL INFORMATION
fixed length control field 260127b |||||||| |||| 00| 0 eng d
100 ## - MAIN ENTRY--PERSONAL NAME
Personal name Sunga, Stephanie Rose R.
Relator term author
245 ## - TITLE STATEMENT
Title Development and validation of keyboarding skills test for Bachelor of Science in Office Administration students in the University of Rizal System Binangonan
Statement of responsibility, etc. Stephanie Rose R. Sunga, Jessehaziel O. Delacruz, Marjolyn D. Conise, Allyssa Mariz M. Leal
260 ## - PUBLICATION, DISTRIBUTION, ETC.
Date of publication, distribution, etc. 2023
300 ## - PHYSICAL DESCRIPTION
Extent xiii, 70 leaves
Other physical details 28 cm
500 ## - GENERAL NOTE
General note Undergraduate Thesis
502 ## - DISSERTATION NOTE
Degree type Bachelor of Science in Business Administration
Name of granting institution University of Rizal System Binangonan
Year degree granted 2023
504 ## - BIBLIOGRAPHY, ETC. NOTE
Bibliography, etc. note Includes bibliographical references.
700 ## - ADDED ENTRY--PERSONAL NAME
Personal name Delacruz, Jessehaziel O.
Relator term author
700 ## - ADDED ENTRY--PERSONAL NAME
Personal name Conise, Marjolyn D.
Relator term author
700 ## - ADDED ENTRY--PERSONAL NAME
Personal name Leal, Allyssa Mariz M.
Relator term author
700 ## - ADDED ENTRY--PERSONAL NAME
Personal name Rosechel R. Corral, MBA
Relator term adviser
856 ## - ELECTRONIC LOCATION AND ACCESS
Materials specified Online Request for Student Unpublished Works
Uniform Resource Identifier <a href="https://forms.gle/7LqvGGkaDrUQqz429">https://forms.gle/7LqvGGkaDrUQqz429</a>
942 ## - ADDED ENTRY ELEMENTS (KOHA)
Source of classification or shelving scheme Library of Congress Classification
Koha item type Theses and dissertations
Holdings
Withdrawn status Source of classification or shelving scheme Damaged status Not for loan Home library Current library Date acquired Total Checkouts Barcode Date last seen Price effective from Koha item type
  Library of Congress Classification     Binangonan College Library Binangonan College Library 01/27/2026   URSBIN-UGT2895 01/27/2026 01/27/2026 Theses and dissertations

University of Rizal System
Email us at univlibservices@urs.edu.ph

Visit our Website www.urs.edu.ph/library